000 00233nam a2200097Ia 4500
005 20251222141911.0
008 251222s9999||||xx |||||||||||||| ||spa||
082 _a249.3/I59
245 0 _aConfirmación: Libro del confirmado
942 _cLIB
999 _c8374
_d8374